00535nam a22001697a 450000500170000000800410001702000180005804000290007604100080010505000170011310000200013024500470015025000180019726000570021530000430027265000500031520260224165303.0260224b ||||fr|||| 00| 0 eng d a950-9413-19-4 aCENDOC CAAAPbspacCAAAP aspa aFE 42.1bR52 aRibeiro, Darcy.1 aIndianidades y venutopias /cDarcy Ribeiro a2da edición 1aBuenos Aires, Argentina :bEdiciones del Sol,c1992. a173 páginas :bfotografias,c20 x 12 0aIndígenas vConflicto social xAntropologia